| 000 | 00796nam a2200277 a 4500 | ||
|---|---|---|---|
| 003 | AR-BaBNM | ||
| 005 | 20251128203112.0 | ||
| 008 | 082120s2002 ||||||||||||||000 | spa|| | ||
| 040 | _cAR-BaBNM | ||
| 100 | 1 | _aMascia, Alfredo A. | |
| 245 | 0 | 0 |
_aEsquema para una nueva sociedad argentina _bbases para el cambio de la realidad |
| 260 |
_aBuenos Aires _bFundación Galileo _c1978 |
||
| 300 |
_a214 p. _btablas, diagr. |
||
| 504 | _aBibliografía: p. 212-214 | ||
| 650 | 4 | _aPOLITICA | |
| 650 | 4 | _aLIDERAZGO POLITICO | |
| 650 | 4 | _aCLASE DIRIGENTE | |
| 650 | 4 | _aECONOMIA | |
| 650 | 4 | _aDESARROLLO ECONOMICO Y SOCIAL | |
| 650 | 4 | _aPOLITICA DE DESARROLLO | |
| 650 | 4 | _aRECURSOS ECONOMICOS | |
| 651 | 4 | _aArgentina | |
| 700 | 1 |
_aFerretti, Ezio _eprologuista |
|
| 942 | _cBK | ||
| 998 | _csilvi | ||
| 999 |
_c1902 _d1902 |
||